<?xml version="1.0" encoding="UTF-8"?>
<record
    xmlns:xsi="http://www.w3.org/2001/XMLSchema-instance"
    xsi:schemaLocation="http://www.loc.gov/MARC21/slim http://www.loc.gov/standards/marcxml/schema/MARC21slim.xsd"
    xmlns="http://www.loc.gov/MARC21/slim">

  <leader>02384nam a22002777a 4500</leader>
  <controlfield tag="001"> 54244 </controlfield>
  <controlfield tag="003">UA-OsUOA</controlfield>
  <controlfield tag="005">20260629150608.0</controlfield>
  <controlfield tag="007">ta</controlfield>
  <controlfield tag="008">20170531b un ||||| |||| 00| 0 ukr d</controlfield>
  <datafield tag="020" ind1=" " ind2=" ">
    <subfield code="a">9789662164572</subfield>
  </datafield>
  <datafield tag="040" ind1=" " ind2=" ">
    <subfield code="a">UA-OsUOA</subfield>
    <subfield code="b">ukr</subfield>
    <subfield code="c">UA-OsUOA</subfield>
    <subfield code="d">UA-OsUOA</subfield>
  </datafield>
  <datafield tag="041" ind1=" " ind2=" ">
    <subfield code="a">ukr</subfield>
  </datafield>
  <datafield tag="080" ind1=" " ind2=" ">
    <subfield code="a">82-94</subfield>
  </datafield>
  <datafield tag="090" ind1=" " ind2=" ">
    <subfield code="a">82-94</subfield>
    <subfield code="b">&#x41A;43</subfield>
  </datafield>
  <datafield tag="100" ind1=" " ind2=" ">
    <subfield code="a">&#x41A;&#x438;&#x440;&#x438;&#x447;&#x435;&#x43D;&#x43A;&#x43E; &#x421;.</subfield>
    <subfield code="9">25527</subfield>
  </datafield>
  <datafield tag="245" ind1=" " ind2=" ">
    <subfield code="a">&#x41B;&#x44E;&#x434;&#x438; &#x43D;&#x435; &#x437;&#x456; &#x441;&#x442;&#x440;&#x430;&#x445;&#x443;. &#x423;&#x43A;&#x440;&#x430;&#x457;&#x43D;&#x441;&#x44C;&#x43A;&#x430; &#x441;&#x430;&#x433;&#x430;. &#x421;&#x43F;&#x43E;&#x433;&#x430;&#x434;&#x438;</subfield>
  </datafield>
  <datafield tag="260" ind1=" " ind2=" ">
    <subfield code="a">&#x41A;.</subfield>
    <subfield code="b">&#x421;&#x43C;&#x43E;&#x43B;&#x43E;&#x441;&#x43A;&#x438;&#x43F;</subfield>
    <subfield code="c">2013</subfield>
  </datafield>
  <datafield tag="300" ind1=" " ind2=" ">
    <subfield code="a">920 &#x441;.</subfield>
  </datafield>
  <datafield tag="520" ind1=" " ind2=" ">
    <subfield code="a">&#x421;&#x43F;&#x43E;&#x433;&#x430;&#x434;&#x438; &#x421;&#x432;&#x456;&#x442;&#x43B;&#x430;&#x43D;&#x438; &#x41A;&#x438;&#x440;&#x438;&#x447;&#x435;&#x43D;&#x43A;&#x43E;, &#x430;&#x43A;&#x442;&#x438;&#x432;&#x43D;&#x43E;&#x457; &#x443;&#x447;&#x430;&#x441;&#x43D;&#x438;&#x446;&#x456; &#x443;&#x43A;&#x440;&#x430;&#x457;&#x43D;&#x441;&#x44C;&#x43A;&#x43E;&#x433;&#x43E; &#x432;&#x438;&#x437;&#x432;&#x43E;&#x43B;&#x44C;&#x43D;&#x43E;&#x433;&#x43E; &#x440;&#x443;&#x445;&#x443; 60 &#x2014; 80-&#x445; &#x440;&#x43E;&#x43A;&#x456;&#x432; &#x43C;&#x438;&#x43D;&#x443;&#x43B;&#x43E;&#x433;&#x43E; &#x441;&#x442;&#x43E;&#x43B;&#x456;&#x442;&#x442;&#x44F;, &#x432;&#x456;&#x434;&#x437;&#x43D;&#x430;&#x447;&#x430;&#x44E;&#x442;&#x44C;&#x441;&#x44F; &#x431;&#x430;&#x433;&#x430;&#x442;&#x43E;&#x433;&#x440;&#x430;&#x43D;&#x43D;&#x438;&#x43C; &#x437;&#x43C;&#x456;&#x441;&#x442;&#x43E;&#x43C; &#x456; &#x441;&#x432;&#x43E;&#x454;&#x440;&#x456;&#x434;&#x43D;&#x438;&#x43C; &#x445;&#x443;&#x434;&#x43E;&#x436;&#x43D;&#x456;&#x43C; &#x441;&#x442;&#x438;&#x43B;&#x435;&#x43C;. &#x426;&#x435; &#x456;&#x441;&#x442;&#x43E;&#x440;&#x438;&#x447;&#x43D;&#x43E;&#x433;&#x43E; &#x43C;&#x430;&#x441;&#x448;&#x442;&#x430;&#x431;&#x443; &#x443;&#x43D;&#x456;&#x43A;&#x430;&#x43B;&#x44C;&#x43D;&#x456; &#x441;&#x432;&#x456;&#x434;&#x447;&#x435;&#x43D;&#x43D;&#x44F; &#x43F;&#x440;&#x43E; &#x441;&#x435;&#x431;&#x435; &#x442;&#x430; &#x435;&#x43F;&#x43E;&#x445;&#x443;, &#x43F;&#x440;&#x43E; &#x432;&#x456;&#x434;&#x43E;&#x43C;&#x456; &#x43F;&#x440;&#x43E;&#x432;&#x456;&#x434; &#x43D;&#x456; &#x43F;&#x43E;&#x441;&#x442;&#x430;&#x442;&#x456; &#x43D;&#x43E;&#x432;&#x456;&#x442;&#x43D;&#x44C;&#x43E;&#x457; &#x434;&#x43E;&#x431;&#x438; &#x43D;&#x430;&#x448;&#x43E;&#x433;&#x43E; &#x43D;&#x430;&#x446;&#x456;&#x43E;&#x43D;&#x430;&#x43B;&#x44C;&#x43D;&#x43E;&#x433;&#x43E; &#x43F;&#x440;&#x43E;&#x431;&#x443;&#x434;&#x436;&#x435;&#x43D;&#x43D;&#x44F;, &#x43F;&#x440;&#x43E; &#x434;&#x435;&#x441;&#x44F;&#x442;&#x43A;&#x438; &#x440;&#x44F;&#x434;&#x43E;&#x432;&#x438;&#x445; &#x442;&#x432;&#x43E;&#x440;&#x446;&#x456;&#x432; &#x441;&#x443;&#x441;&#x43F;&#x456;&#x43B;&#x44C;&#x43D;&#x438;&#x445; &#x43E;&#x431;&#x441;&#x442;&#x430;&#x432;&#x438;&#x43D;. &#x414;&#x43E; &#x432;&#x438;&#x434;&#x430;&#x43D;&#x43D;&#x44F; &#x443;&#x432;&#x456;&#x439;&#x448;&#x43B;&#x438; &#x442;&#x430;&#x43A;&#x43E;&#x436; &#x432;&#x438;&#x431;&#x440;&#x430;&#x43D;&#x456; &#x441;&#x442;&#x430;&#x442;&#x442;&#x456; &#x430;&#x432;&#x442;&#x43E;&#x440;&#x43A;&#x438;. &#x417; &#x43E;&#x433;&#x43B;&#x44F;&#x434;&#x443; &#x43D;&#x430; &#x43E;&#x431;&#x43C;&#x435;&#x436;&#x435;&#x43D;&#x438;&#x439; &#x43E;&#x431;&#x441;&#x44F;&#x433; &#x434;&#x43E; &#x43D;&#x44C;&#x43E;&#x433;&#x43E; &#x43D;&#x435; &#x43F;&#x43E;&#x442;&#x440;&#x430;&#x43F;&#x438;&#x43B;&#x438; &#x441;&#x43F;&#x43E;&#x433;&#x430;&#x434;&#x438; &#x43F;&#x440;&#x43E; &#x412;&#x430;&#x441;&#x438;&#x43B;&#x44F; &#x421;&#x442;&#x443;&#x441;&#x430; &#xAB;&#x41F;&#x442;&#x430;&#x445; &#x43F;&#x456;&#x434;&#x43D;&#x435;&#x431;&#x435;&#x441;&#x43D;&#x438;&#x439;&#xBB;, &#x449;&#x43E;, &#x441;&#x43F;&#x43E;&#x434;&#x456;&#x432;&#x430;&#x454;&#x43C;&#x43E;&#x441;&#x44F;, &#x43D;&#x435;&#x432;&#x434;&#x43E; &#x432;&#x437;&#x456; &#x43F;&#x43E;&#x431;&#x430;&#x447;&#x430;&#x442;&#x44C; &#x441;&#x432;&#x456;&#x442; &#x43E;&#x43A;&#x440;&#x435;&#x43C;&#x43E;&#x44E; &#x43A;&#x43D;&#x438;&#x436;&#x43A;&#x43E;&#x44E;. &#xAB;&#x41B;&#x44E;&#x434;&#x438; &#x43D;&#x435; &#x437;&#x456; &#x441;&#x442;&#x440;&#x430;&#x445;&#x443;&#xBB; &#x434;&#x440;&#x443;&#x43A;&#x443;&#x432;&#x430;&#x43B;&#x438;&#x441;&#x44F; &#x432; &#x433;&#x430;&#x437;&#x435;&#x442;&#x456; &#xAB;&#x41C;&#x43E;&#x43B;&#x43E;&#x434;&#x44C; &#x423;&#x43A;&#x440;&#x430;&#x457;&#x43D;&#x438;&#xBB;, &#x443; &#x436;&#x443;&#x440;&#x43D;&#x430;&#x43B;&#x430;&#x445; &#xAB;&#x414;&#x43D;&#x456;&#x43F;&#x440;&#x43E;&#xBB; &#x456; &#xAB;&#x41A;&#x443;&#x440;'&#x454;&#x440; &#x41A;&#x440;&#x438;&#x432;&#x431;&#x430;&#x441;&#x443;&#xBB;, &#x437;&#x432;&#x443;&#x447;&#x430;&#x43B;&#x438; &#x43D;&#x430; &#x445;&#x432;&#x438;&#x43B;&#x44F;&#x445; &#x43D;&#x430;&#x446;&#x456;&#x43E;&#x43D;&#x430;&#x43B;&#x44C;&#x43D;&#x43E;&#x433;&#x43E; &#x440;&#x430;&#x434;&#x456;&#x43E;&#x43A;&#x430;&#x43D;&#x430;&#x43B;&#x443; &#xAB;&#x41A;&#x443;&#x43B;&#x44C;&#x442;&#x443;&#x440;&#x430;&#xBB;.</subfield>
  </datafield>
  <datafield tag="650" ind1=" " ind2="7">
    <subfield code="a">82-94 &#x406;&#x441;&#x442;&#x43E;&#x440;&#x456;&#x44F; &#x44F;&#x43A; &#x43B;&#x456;&#x442;&#x435;&#x440;&#x430;&#x442;&#x443;&#x440;&#x43D;&#x438;&#x439; &#x436;&#x430;&#x43D;&#x440;. &#x406;&#x441;&#x442;&#x43E;&#x440;&#x438;&#x447;&#x43D;&#x456; &#x442;&#x432;&#x43E;&#x440;&#x438;. &#x406;&#x441;&#x442;&#x43E;&#x440;&#x456;&#x43E;&#x433;&#x440;&#x430;&#x444;&#x456;&#x44F;. &#x425;&#x440;&#x43E;&#x43D;&#x456;&#x43A;&#x438;. &#x410;&#x43D;&#x43D;&#x430;&#x43B;&#x438;, &#x43B;&#x456;&#x442;&#x43E;&#x43F;&#x438;&#x441;&#x438;. &#x41C;&#x435;&#x43C;&#x443;&#x430;&#x440;&#x438;. &#x421;&#x43F;&#x43E;&#x433;&#x430;&#x434;&#x438;. &#x429;&#x43E;&#x434;&#x435;&#x43D;&#x43D;&#x438;&#x43A;&#x438;. &#x411;&#x456;&#x43E;&#x433;&#x440;&#x430;&#x444;&#x456;&#x457;. &#x410;&#x432;&#x442;&#x43E;&#x431;&#x456;&#x43E;&#x433;&#x440;&#x430;&#x444;&#x456;&#x457;</subfield>
    <subfield code="2">UDC</subfield>
    <subfield code="9">2061</subfield>
  </datafield>
  <datafield tag="942" ind1=" " ind2=" ">
    <subfield code="c">BK</subfield>
    <subfield code="2">udc</subfield>
  </datafield>
  <datafield tag="955" ind1=" " ind2=" ">
    <subfield code="a">3</subfield>
  </datafield>
  <datafield tag="999" ind1=" " ind2=" ">
    <subfield code="c">434361</subfield>
    <subfield code="d">434361</subfield>
  </datafield>
  <datafield tag="952" ind1=" " ind2=" ">
    <subfield code="0">0</subfield>
    <subfield code="1">0</subfield>
    <subfield code="2">udc</subfield>
    <subfield code="4">0</subfield>
    <subfield code="7">0</subfield>
    <subfield code="a">300</subfield>
    <subfield code="b">300</subfield>
    <subfield code="d">2017-05-31</subfield>
    <subfield code="e">319/2014</subfield>
    <subfield code="g">1.00</subfield>
    <subfield code="i">2139211</subfield>
    <subfield code="l">0</subfield>
    <subfield code="o">82-94 &#x41A;43</subfield>
    <subfield code="p">2139211</subfield>
    <subfield code="r">2019-09-15 00:00:00</subfield>
    <subfield code="w">2017-05-31</subfield>
    <subfield code="y">BK</subfield>
  </datafield>
  <datafield tag="952" ind1=" " ind2=" ">
    <subfield code="0">0</subfield>
    <subfield code="1">0</subfield>
    <subfield code="2">udc</subfield>
    <subfield code="4">0</subfield>
    <subfield code="7">0</subfield>
    <subfield code="8">C_Shevchuk_V.</subfield>
    <subfield code="a">101</subfield>
    <subfield code="b">101</subfield>
    <subfield code="d">2026-06-16</subfield>
    <subfield code="e">&#x2116;29/08.06.2026</subfield>
    <subfield code="g">100.00</subfield>
    <subfield code="l">0</subfield>
    <subfield code="o">82-94 &#x41A;43</subfield>
    <subfield code="p">170109</subfield>
    <subfield code="r">2026-06-16 10:26:52</subfield>
    <subfield code="v">100.00</subfield>
    <subfield code="w">2026-06-16</subfield>
    <subfield code="y">BK</subfield>
  </datafield>
</record>
